Modern Day Neutral Countries of World War II - Statistics

General Stats
  • This quiz has been taken 28 times
  • The average score is 7 of 13
Answers on the Map
Answers color-coded by a green-red scale on the quiz's map according to % correct below.
 
Answer Stats
Answer % Correct
Switzerland
100%
Ireland
72%
Portugal
72%
Sweden
72%
Spain
67%
Andorra
61%
Afghanistan
50%
Angola
39%
Iran
39%
Bhutan
33%
Guinea-Bissau
33%
Mozambique
33%
Equatorial Guinea
17%
No matching quizzes found
Score Distribution
Percent of People with Each Score
Percentile by Number Answered
Your Score History
You have not taken this quiz